<?xml version="1.0" encoding="UTF-8"?>
<collection xmlns="http://www.loc.gov/MARC21/slim">
 <record>
  <leader>06059nam a2200397 a 4500</leader>
  <controlfield tag="001">kal3457</controlfield>
  <controlfield tag="003">Gr-AtHEAL</controlfield>
  <controlfield tag="005">20160504105231.0</controlfield>
  <controlfield tag="006">m        d        </controlfield>
  <controlfield tag="008">160413s2015    gr      s           gre|c</controlfield>
  <datafield tag="020" ind1=" " ind2=" ">
   <subfield code="a">9789606034596</subfield>
  </datafield>
  <datafield tag="040" ind1=" " ind2=" ">
   <subfield code="a">GR-AtHEAL</subfield>
   <subfield code="b">gre</subfield>
   <subfield code="c">GR-AtHEAL</subfield>
  </datafield>
  <datafield tag="082" ind1="0" ind2="4">
   <subfield code="a">624.1</subfield>
   <subfield code="2">23</subfield>
  </datafield>
  <datafield tag="100" ind1="1" ind2=" ">
   <subfield code="a">Σοφιανός, Αλέξανδρος.</subfield>
   <subfield code="8">2125</subfield>
  </datafield>
  <datafield tag="245" ind1="1" ind2="0">
   <subfield code="a">Υποστήριξη υπόγειων έργων</subfield>
   <subfield code="h">[Ηλεκτρονικός πόρος] </subfield>
   <subfield code="c">Σοφιανός, Αλέξανδρος ; Κριτικός αναγνώστης,Νομικός, Παύλος ; Τεχνική επιμέλεια,Μποζιονέλος, Γαβριήλ ; Γλωσσική επιμέλεια,Παππάς, Βασίλειος.</subfield>
  </datafield>
  <datafield tag="260" ind1=" " ind2=" ">
   <subfield code="a">Αθήνα :</subfield>
   <subfield code="b">Σύνδεσμος Ελληνικών Ακαδημαϊκών Βιβλιοθηκών,</subfield>
   <subfield code="c">c2015.</subfield>
  </datafield>
  <datafield tag="490" ind1=" " ind2=" ">
   <subfield code="a">Ακαδημαϊκά Ηλεκτρονικά Συγγράμματα και Βοηθήματα Κάλλιπος</subfield>
   <subfield code="8">40</subfield>
  </datafield>
  <datafield tag="520" ind1=" " ind2=" ">
   <subfield code="a">Ο έλεγχος ευστάθειας υπόγειων ανοιγμάτων απαιτεί γνώση του φυσικού και επαγόμενου εντατικού πεδίου, της μηχανικής συμπεριφοράς των περιβαλλόντων πετρωμάτων, και της απόκρισης των μέτρων που λαμβάνονται για τη στήριξή τους.Μέτρα στήριξης, που βρίσκουν ευρεία χρήση στη συμβατική κατασκευή τόσο διαμήκων όσο και χωρικών υπογείων ανοιγμάτων είναι οι ηλώσεις, τα χαλύβδινα πλαίσια, η επένδυση από σκυρόδεμα, και τα στοιχεία προπορείας. Αυτά διαδρούν με το περιβάλλον πέτρωμα μετά την τοποθέτησή τους.Εφόσον, σκληρή, μαλακή ή συνθλίβουσα γεωμάζα, γύρω από υπόγεια επιμήκη ανοίγματα, συμπεριφέρεται μακροσκοπικά ως συνεχές μέσο, η εκτίμηση της εντατικής κατάστασης επιτυγχάνεται με τη θεώρηση της διάδρασής της με τη στήριξη. Εκτιμάται η συμπεριφορά και με βάση αυτή επιλέγονται τα μέτρα στήριξης και υπολογίζονται κατά περίπτωση, μετατοπίσεις, ζώνες υπερφόρτισης ή χαλάρωσης, καταλληλότητα σχήματος διατομής, και απαιτούμενη και προσφερόμενη δύναμη στήριξης με τα στάδια επιβολής της.Εφόσον το πέτρωμα συμπεριφέρεται ως ασυνεχές μέσο, εκτιμώνται οι μηχανισμοί αστοχίας.. Προσδιορίζονται οι δυνατότητες: πτώσης-ολίσθησης μεμονωμένων τεμαχών που σχηματίζονται από συνδυαζόμενα συστήματα διακλάσεων σε ογκοτεμαχισμένα πετρώματα, ολίσθησης-αποχωρισμού μεταξύ στρωμάτων που σχηματίζονται από τις διακριτές παράλληλες στρώσεις που υπάρχουν συνήθως στα ιζηματογενή πετρώματα, ή ολίσθησης-εκβολής πετρώματος στον ιδιαίτερα ευαίσθητο χώρο του μετώπου της σήραγγας, λόγω ασυνεχών δομών ή υπερφόρτισης. Δίνονται υπολογιστικές μέθοδοι και διαγράμματα εκτίμησης της απαιτούμενης στήριξης.Τέλος δίνονται ειδικότερα μέτρα σταθεροποίησης που εφαρμόζονται σε συνήθεις υπόγειες εκμεταλλεύσεις, όπως η φυσική υποστήριξη του πετρώματος για εκμετάλλευση κοιτασμάτων με θαλάμους και στύλους, η τεχνητή υποστήριξη με γόμωση των κενών μετώπων για εκμετάλλευση με εναλλασσόμενες κοπές και γομώσεις, και η υδραυλική υποστήριξη για εκμετάλλευση με επιμήκη μέτωπα.Εμπέδωση επιτυγχάνεται με ασκήσεις επιλογής κατάλληλων μέτρων.</subfield>
  </datafield>
  <datafield tag="650" ind1=" " ind2="0">
   <subfield code="a">Rock mechanics</subfield>
   <subfield code="8">2572</subfield>
  </datafield>
  <datafield tag="650" ind1=" " ind2="0">
   <subfield code="a">Underground construction.</subfield>
   <subfield code="8">2741</subfield>
  </datafield>
  <datafield tag="653" ind1=" " ind2=" ">
   <subfield code="a">Υδραυλικοί ορθοστάτες</subfield>
  </datafield>
  <datafield tag="653" ind1=" " ind2=" ">
   <subfield code="a">Κοπή και γόμωση</subfield>
  </datafield>
  <datafield tag="653" ind1=" " ind2=" ">
   <subfield code="a">Στύλοι πετρώματος</subfield>
  </datafield>
  <datafield tag="653" ind1=" " ind2=" ">
   <subfield code="a">Στρωσιγενείς οροφές</subfield>
  </datafield>
  <datafield tag="653" ind1=" " ind2=" ">
   <subfield code="a">Σφήνες</subfield>
  </datafield>
  <datafield tag="653" ind1=" " ind2=" ">
   <subfield code="a">Εκτοξευμένο σκυρόδεμα</subfield>
  </datafield>
  <datafield tag="653" ind1=" " ind2=" ">
   <subfield code="a">Χαλύβδινα τόξα</subfield>
  </datafield>
  <datafield tag="653" ind1=" " ind2=" ">
   <subfield code="a">Αγκύρια</subfield>
  </datafield>
  <datafield tag="653" ind1=" " ind2=" ">
   <subfield code="a">Τεχνολογία και επιστήμες μηχανικών</subfield>
   <subfield code="a">Τεχνολογία και μηχανική ορυχείων και μεταλλουργίας</subfield>
   <subfield code="a">Μηχανική πετρωμάτων</subfield>
  </datafield>
  <datafield tag="653" ind1=" " ind2=" ">
   <subfield code="a">Τεχνολογία και επιστήμες μηχανικών</subfield>
   <subfield code="a">Τεχνολογία και μηχανική κατασκευών</subfield>
   <subfield code="a">Σήραγγες</subfield>
  </datafield>
  <datafield tag="700" ind1="1" ind2=" ">
   <subfield code="a">Νομικός, Παύλος</subfield>
   <subfield code="e">Κριτικός αναγνώστης</subfield>
   <subfield code="8">2126</subfield>
  </datafield>
  <datafield tag="856" ind1="4" ind2="0">
   <subfield code="u">http://hdl.handle.net/11419/3457</subfield>
   <subfield code="z">Πλήρες Κείμενο - Full text</subfield>
  </datafield>
  <datafield tag="907" ind1=" " ind2=" ">
   <subfield code="a">.b25678516</subfield>
   <subfield code="b">12-06-18</subfield>
   <subfield code="c">29-07-16</subfield>
  </datafield>
  <datafield tag="949" ind1=" " ind2=" ">
   <subfield code="0">0</subfield>
   <subfield code="1">0</subfield>
   <subfield code="2">ddc</subfield>
   <subfield code="4">0</subfield>
   <subfield code="6">624_100000000000000_ΣΟΦ</subfield>
   <subfield code="7">0</subfield>
   <subfield code="8">KALL</subfield>
   <subfield code="8">610</subfield>
   <subfield code="d">2016-04-13</subfield>
   <subfield code="r">2016-04-13</subfield>
   <subfield code="w">2016-04-13</subfield>
   <subfield code="z">624.1 ΣΟΦ</subfield>
   <subfield code="o">SEAB KALLIPOS</subfield>
  </datafield>
  <datafield tag="998" ind1=" " ind2=" ">
   <subfield code="a">80</subfield>
   <subfield code="a">01</subfield>
   <subfield code="a">02</subfield>
   <subfield code="a">03</subfield>
   <subfield code="a">04</subfield>
   <subfield code="a">05</subfield>
   <subfield code="a">06</subfield>
   <subfield code="a">07</subfield>
   <subfield code="a">08</subfield>
   <subfield code="a">09</subfield>
   <subfield code="a">10</subfield>
   <subfield code="a">11</subfield>
   <subfield code="a">12</subfield>
   <subfield code="a">13</subfield>
   <subfield code="a">14</subfield>
   <subfield code="a">15</subfield>
   <subfield code="a">16</subfield>
   <subfield code="a">17</subfield>
   <subfield code="a">18</subfield>
   <subfield code="a">19</subfield>
   <subfield code="a">20</subfield>
   <subfield code="a">21</subfield>
   <subfield code="a">22</subfield>
   <subfield code="a">23</subfield>
   <subfield code="a">24</subfield>
   <subfield code="a">25</subfield>
   <subfield code="a">26</subfield>
   <subfield code="b">10-05-17</subfield>
   <subfield code="c">m</subfield>
   <subfield code="d">z  </subfield>
   <subfield code="e">-</subfield>
   <subfield code="f">gre</subfield>
   <subfield code="g">gr </subfield>
   <subfield code="h">0</subfield>
  </datafield>
  <datafield tag="942" ind1=" " ind2=" ">
   <subfield code="2">ddc</subfield>
   <subfield code="c">KALLIPOS</subfield>
  </datafield>
 </record>
</collection>
